000 00273nam a22001097a 4500
999 _c159845
_d159845
082 _a
_b
100 _aNithyachaithanya yathi
245 _aKalayum avishkaravum/
_cby Nithyachaithanya yathi.
260 _aDelhi:
_bImprovement book centre,
_c
650 _a
942 _cBK